Loading...
| Fine Arts - Visual | 0 | 6 | 0 | 1 | 60 | 91 | 123.50 | 1 | 4 | 0.00 | 0.00 |
| Fine Arts - Other | 1 | 4 | 0 | 2 | 55 | 40 | 113.80 | 1 | 4 | 0.00 | 0.00 |
| History - European | 1 | 4 | 0 | 1 | 55 | 21 | 86.60 | 1 | 4 | 0.00 | 0.00 |
| Literature - European | 0 | 3 | 1 | 0 | 25 | 87 | 110.00 | 1 | 2 | 0.00 | 0.00 |
| Literature - British | 1 | 1 | 0 | 0 | 25 | 60 | 98.00 | 1 | 2 | 0.00 | 0.00 |
| Science - Other | 0 | 2 | 0 | 0 | 20 | 94 | 109.50 | 0 | 2 | 0.00 | 0.00 |
| Mythology | 0 | 2 | 0 | 0 | 20 | 95 | 95.50 | 0 | 2 | 0.00 | 0.00 |
| Religion | 0 | 3 | 2 | 1 | 20 | 81 | 113.00 | 0 | 3 | 0.00 | 0.00 |
| Philosophy | 0 | 2 | 0 | 0 | 20 | 85 | 94.50 | 2 | 2 | 0.00 | 0.00 |
| Social Science | 0 | 2 | 0 | 2 | 20 | 124 | 125.50 | 1 | 2 | 0.00 | 0.00 |
| Current Events | 1 | 0 | 0 | 0 | 15 | 44 | 44.00 | 1 | 1 | 0.00 | 0.00 |
| Fine Arts - Auditory | 0 | 2 | 1 | 0 | 15 | 118 | 128.50 | 0 | 1 | 0.00 | 0.00 |
| History - World | 0 | 2 | 1 | 0 | 15 | 104 | 122.50 | 0 | 1 | 0.00 | 0.00 |
| Other Academic | 0 | 1 | 0 | 0 | 10 | 132 | 132.00 | 0 | 1 | 0.00 | 0.00 |
| Literature - World | 0 | 1 | 0 | 0 | 10 | 147 | 147.00 | 0 | 1 | 0.00 | 0.00 |
| Science - Chemistry | 0 | 1 | 0 | 0 | 10 | 133 | 133.00 | 0 | 0 | 0.00 | 0.00 |
| History - American | 0 | 1 | 0 | 1 | 10 | 126 | 126.00 | 0 | 1 | 0.00 | 0.00 |
| Geography | 0 | 1 | 0 | 0 | 10 | 123 | 123.00 | 0 | 1 | 0.00 | 0.00 |
| Religion- Edited | 0 | 1 | 0 | 0 | 10 | 114 | 114.00 | 0 | 1 | 0.00 | 0.00 |
| History - Other | 1 | 0 | 2 | 0 | 5 | 69 | 69.00 | 1 | 1 | 0.00 | 0.00 |
| Science - Physics | 0 | 1 | 1 | 1 | 5 | 126 | 126.00 | 0 | 1 | 0.00 | 0.00 |
| Science - Biology | 0 | 1 | 1 | 0 | 5 | 121 | 121.00 | 1 | 1 | 0.00 | 0.00 |